=LDR 00000nam 2200000 4500 =001 INLIS000000000026974 =005 20130612125402 =008 ***********************************Ind** =035 ##$$0010-061300000026974 =041 ##$$a Ind =082 ##$$a 2x3.54 =090 ##$$a 2x3.54, Azz t =100 ##$$a Az-Zaghbi, Muhammad Abdul Malik =245 ##$$a Tanya jawab surga dan neraka, Muhammad Abdul Az-Zaqhbi ; penerjemah, Ibnu Abdul Rhakam Syukri =260 ##$$a 2007 $b Jakarta =300 ##$$a 240 hlm, 21 cm =650 ##$$a Surga-Neraka =700 ##$$a Syukri, Ibnu Abdul Khakam =850 ##$$a NBPNMAT